000 00683nam a22001937a 4500
005 20220319141052.0
008 220319b ||||| |||| 00| 0 eng d
040 _cCAAAP
041 _aspa
050 4 _aZ1873.M1
_bK61
100 1 _95151
_aKleiser, Lissie Wahl
245 1 3 _aLa región del Madre de Dios :
_bbibliografía anotada /
_cLissie Wahl Kleiser, Klaus Rummenhoeller
260 _aCusco :
_bCentro de Estudios Regionales Andinos Bartolomé de las Casas,
_c1991
300 _a299 p.;
_c21 cm.
490 0 _aDebates andinos,
_v20
651 0 _93650
_aMadre de Dios (Perú : Departamento)
_vBibliografía
700 1 _92472
_aRummenhoeller, Klaus
942 _2lcc
_bDD - MM - AA
_cBK
999 _c3649
_d3649